[Event "ELD_A_15/16"]
[Site "?"]
[Date "2016.04.24"]
[Round "4.1"]
[White "Hollan, Petr"]
[Black "Stepan, Patrik"]
[Result "0-1"]
[BlackElo "2143"]
[WhiteElo "2276"]
[LiveChessVersion "1.4.8"]

1. Nf3 {[%clk 1:25:16]} Nf6 {[%clk 1:30:45]} 2. d4 {[%clk 1:24:26]} e6
{[%clk 1:30:58]} 3. g3 {[%clk 1:23:47]} b5 {[%clk 1:23:48]} 4. Bg2
{[%clk 1:23:33]} Bb7 {[%clk 1:24:02]} 5. O-O {[%clk 1:23:02]} Be7
{[%clk 1:23:59]} 6. c4 {[%clk 1:14:39]} b4 {[%clk 1:24:03]} 7. d5
{[%clk 1:08:54]} O-O {[%clk 1:08:07]} 8. Nh4 {[%clk 1:01:28]} Qc8
{[%clk 1:07:25]} 9. e4 {[%clk 0:53:45]} d6 {[%clk 1:01:56]} 10. Re1
{[%clk 0:44:26]} Nfd7 {[%clk 0:56:07]} 11. Nf3 {[%clk 0:38:12]} e5
{[%clk 0:54:41]} 12. Bh3 {[%clk 0:37:36]} Qd8 {[%clk 0:52:28]} 13. Nbd2
{[%clk 0:26:20]} Nc5 {[%clk 0:48:44]} 14. Nb3 {[%clk 0:19:26]} Nba6
{[%clk 0:44:28]} 15. Nxc5 {[%clk 0:17:35]} Nxc5 {[%clk 0:44:22]} 16. a3
{[%clk 0:16:51]} a5 {[%clk 0:41:28]} 17. axb4 {[%clk 0:16:45]} axb4
{[%clk 0:41:47]} 18. Rxa8 {[%clk 0:17:00]} Qxa8 {[%clk 0:38:46]} 19. Bg5
{[%clk 0:05:19]} Bxg5 {[%clk 0:36:04]} 20. Nxg5 {[%clk 0:05:41]} h6
{[%clk 0:36:20]} 21. Nf3 {[%clk 0:05:03]} Qa2 {[%clk 0:33:59]} 22. Nh4
{[%clk 0:04:33]} Qxb2 {[%clk 0:13:33]} 23. Nf5 {[%clk 0:04:35]} Kh7
{[%clk 0:12:08]} 24. Qg4 {[%clk 0:04:33]} g6 {[%clk 0:11:27]} 25. Qh4
{[%clk 0:02:26]} Qd2 {[%clk 0:10:55]} 26. Re3 {[%clk 0:02:32]} Qd1+
{[%clk 0:11:00]} 27. Kg2 {[%clk 0:02:55]} gxf5 {[%clk 0:10:38]} 28. Bxf5+
{[%clk 0:03:05]} Kg7 {[%clk 0:10:59]} 29. Bg4 {[%clk 0:01:57]} Qd4
{[%clk 0:09:45]} 30. Bf5 {[%clk 0:01:17]} Rg8 {[%clk 0:08:16]} 31. Qg4+
{[%clk 0:01:22]} Kf8 {[%clk 0:08:26]} 32. Qh4 {[%clk 0:01:47]} Ke8
{[%clk 0:07:56]} 33. Qxh6 {[%clk 0:01:38]} Nd3 {[%clk 0:08:05]} 34. h4
{[%clk 0:01:09]} Nf4+ {[%clk 0:07:07]} 35. Kh2 {[%clk 0:01:20]} Qd1
{[%clk 0:06:25]} 36. Qh7 {[%clk 0:01:24]} Kf8 {[%clk 0:06:11]} 37. Qh6+
{[%clk 0:00:46]} Ke7 {[%clk 0:06:29]} 38. Rf3 {[%clk 0:00:36]} Qxf3
{[%clk 0:06:29]} 0-1

[Event "ELD_A_15/16"]
[Site "?"]
[Date "2016.04.24"]
[Round "4.2"]
[White "Kanakova, Natalie"]
[Black "Hollan, Martin"]
[Result "0-1"]
[BlackElo "2224"]
[WhiteElo "2105"]
[LiveChessVersion "1.4.8"]

1. e4 c5 2. Nf3 Nc6 3. d4 cxd4 4. Nxd4 Nf6 5. Nc3 d6 6. Bg5 Bd7 7. Qd2 Rc8 8. f3
a6 9. O-O-O Nxd4 10. Qxd4 Qa5 11. h4 e5 12. Qd2 Be6 13. Kb1 Nd7 14. Nd5 Qxd2 15.
Rxd2 Bxd5 16. Rxd5 Nc5 17. g3 Ne6 18. Be3 Be7 19. Bh3 Rc6 20. Rhd1 O-O 21. a4
Rfc8 22. R1d2 b6 23. Bf1 Nc5 24. Be2 Ra8 25. b3 Ne6 26. Kb2 Nd4 27. Bd1 Rac8 28.
c3 Rxc3 29. R5xd4 exd4 30. Bxd4 R3c6 31. Be2 a5 32. Bb5 Rc1 33. f4 Bd8 34. Bd3
Re1 35. Bc2 Bf6 36. Bxf6 gxf6 37. Rg2 Kf8 38. g4 Rf1 39. f5 h6 40. Bd3 Rh1 41. h5
Rcc1 42. Rd2 Rcd1 43. Kc3 Rxd2 44. Kxd2 Rg1 45. Be2 Rg3 46. Kc2 Ke7 47. Bd1 Re3
48. Kd2 Rxe4 49. Kd3 Rf4 50. Ke3 Rb4 51. Kd3 d5 52. Kc3 Kd6 53. Kd3 Ke5 54. Ke3
Re4+ 55. Kf3 d4 56. Bc2 Re3+ 57. Kf2 Rc3 58. Bd1 Kf4 59. Kf1 Ke3 60. Ke1 Rc1 0-1

[Event "ELD_A_15/16"]
[Site "?"]
[Date "2016.04.24"]
[Round "4.3"]
[White "Jelinek, Michal"]
[Black "Beluska, Tereza"]
[Result "1-0"]
[BlackElo "1956"]
[WhiteElo "2158"]
[LiveChessVersion "1.4.8"]

1. d4 f5 2. Nc3 Nf6 3. Bg5 g6 4. Bxf6 exf6 5. e3 d5 6. Bd3 Be6 7. Qf3 Nc6 8. a3
Qd7 9. Nge2 O-O-O 10. h4 Bd6 11. O-O-O Be7 12. Nf4 Kb8 13. h5 Bf7 14. hxg6 hxg6
15. Rxh8 Rxh8 16. Nfxd5 Qd8 17. Nxe7 Nxe7 18. g4 Nd5 19. Nxd5 Bxd5 20. Qg3 fxg4
21. Qxg4 g5 22. Bf5 Bf7 23. Qg2 Bd5 24. e4 Qd6 25. Qg3 Qxg3 26. fxg3 Bc4 27. b3
Be2 28. Re1 Rh2 29. e5 fxe5 30. dxe5 a6 31. Bg6 Kc8 32. e6 Kd8 33. e7+ Kxe7 34.
Bd3 1-0

[Event "ELD_A_15/16"]
[Site "?"]
[Date "2016.04.24"]
[Round "4.4"]
[White "Kuchar, Matej"]
[Black "Novy, Filip"]
[Result "1-0"]
[BlackElo "1976"]
[WhiteElo "2054"]
[LiveChessVersion "1.4.8"]

1. e4 c5 2. Nf3 e6 3. d4 cxd4 4. Nxd4 Nf6 5. Nc3 d6 6. Be2 Be7 7. O-O a6 8. f4
Qc7 9. Kh1 {[%clk 1:34:03]} b5 {[%clk 1:11:07]} 10. a3 {[%clk 1:28:34]} Bb7
{[%clk 1:10:47]} 11. Bf3 {[%clk 1:24:04]} Nbd7 {[%clk 1:05:02]} 12. Qe1
{[%clk 1:17:18]} Nb6 {[%clk 1:00:46]} 13. b3 {[%clk 1:04:48]} O-O
{[%clk 0:54:14]} 14. Bb2 {[%clk 1:03:20]} Rac8 {[%clk 0:50:55]} 15. Rd1
{[%clk 0:59:03]} Rfd8 {[%clk 0:47:47]} 16. Rd2 {[%clk 0:52:01]} g6
{[%clk 0:39:02]} 17. Qg3 {[%clk 0:36:25]} Nbd7 {[%clk 0:22:36]} 18. Re1
{[%clk 0:28:15]} Nc5 {[%clk 0:21:42]} 19. Rf2 {[%clk 0:04:23]} Kf8
{[%clk 0:19:27]} 20. b4 {[%clk 0:03:53]} Na4 {[%clk 0:18:53]} 21. Nxa4
{[%clk 0:03:40]} bxa4 {[%clk 0:19:22]} 22. e5 {[%clk 0:03:15]} Ne8
{[%clk 0:13:37]} 23. Qh3 {[%clk 0:02:03]} Kg8 {[%clk 0:09:04]} 24. Nxe6
{[%clk 0:01:33]} fxe6 {[%clk 0:07:18]} 25. Qxe6+ {[%clk 0:02:02]} Kf8
{[%clk 0:07:32]} 26. Bxb7 {[%clk 0:02:21]} Bh4 {[%clk 0:06:53]} 27. Bd5
{[%clk 0:02:26]} Qg7 {[%clk 0:05:55]} 28. exd6 {[%clk 0:02:13]} Bf6
{[%clk 0:05:29]} 29. Bxf6 {[%clk 0:01:33]} Nxf6 {[%clk 0:05:58]} 30. Qe7+
{[%clk 0:01:52]} 1-0

[Event "ELD_A_15/16"]
[Site "?"]
[Date "2016.04.24"]
[Round "4.5"]
[White "Nemcova, Karin"]
[Black "Gresova, Zuzana"]
[Result "0-1"]
[BlackElo "1792"]
[WhiteElo "1806"]
[LiveChessVersion "1.4.8"]

1. e4 c5 2. Nf3 d6 3. d4 cxd4 4. Nxd4 Nf6 5. Nc3 a6 6. Be3 e5 7. Nb3 Be6 8. h3 b5
9. Qf3 Nbd7 10. O-O-O Rc8 11. Nd5 Bxd5 12. exd5 Nb6 13. Bxb6 Qxb6 14. Bd3 Be7 15.
g4 Nd7 16. h4 a5 17. Nd2 a4 18. Bf5 Rc7 19. Bxd7+ Rxd7 20. Ne4 b4 21. Rd3 O-O 22.
g5 Rc7 23. h5 f5 24. gxf6 Bxf6 25. Qg3 Rc4 26. Re1 Qc7 27. Re2 Qd7 28. Rf3 Kh8
29. h6 Rd4 30. Re1 Qe7 31. Qh3 Rc4 32. hxg7+ Bxg7 33. Rh1 h6 34. Rxf8+ Qxf8 35.
f3 b3 36. axb3 axb3 37. c3 Qf4+ 38. Kb1 Qe3 39. Qf1 Ra4 40. Qb5 Rxe4 41. fxe4
Qxe4+ 0-1

[Event "ELD_A_15/16"]
[Site "?"]
[Date "2016.04.24"]
[Round "4.6"]
[White "Krejcok, Tobias"]
[Black "Nemcova, Kamila"]
[Result "1-0"]
[BlackElo "1791"]
[WhiteElo "1870"]
[LiveChessVersion "1.4.8"]

1. e4 c5 2. Nf3 d6 3. d4 cxd4 4. Nxd4 Nf6 5. Nc3 a6 6. Be2 e5 7. Nb3 Be7 8. O-O
Nbd7 9. Be3 Qc7 10. f3 b6 11. Qd2 Bb7 12. Rad1 O-O 13. g4 Rac8 14. g5 Ne8 15. Kh1
b5 16. a3 Nb6 17. Na5 Ba8 18. Rg1 Rd8 19. Bxb6 Qxb6 20. Nb3 Nc7 21. Nd5 Nxd5 22.
exd5 f5 23. c4 bxc4 24. Bxc4 Rc8 25. Qe2 Bb7 26. Rc1 Rfe8 27. Qd3 g6 28. Rg2 Bf8
29. Re2 Bg7 30. h4 Re7 31. h5 Kf7 32. Kg2 Ree8 33. Nd2 Rc5 34. b4 Rc7 35. Nb3
Rec8 36. Rec2 Ke7 37. Na5 Kd7 38. Rh1 Rh8 39. h6 Bf8 40. Rhc1 Be7 41. Bb5+ axb5
42. Rxc7+ 1-0

[Event "ELD_A_15/16"]
[Site "?"]
[Date "2016.04.24"]
[Round "4.7"]
[White "Miesbauer, Jan"]
[Black "Szucs, Matyas"]
[Result "1-0"]
[BlackElo "2130"]
[WhiteElo "2217"]
[LiveChessVersion "1.4.8"]

1. e4 {[%clk 1:30:54]} e6 {[%clk 1:30:34]} 2. d4 {[%clk 1:31:18]} d5
{[%clk 1:30:52]} 3. Nd2 {[%clk 1:31:38]} Nf6 {[%clk 1:31:16]} 4. e5
{[%clk 1:32:02]} Nfd7 {[%clk 1:31:41]} 5. Bd3 {[%clk 1:32:25]} c5
{[%clk 1:32:06]} 6. c3 {[%clk 1:32:51]} Nc6 {[%clk 1:32:31]} 7. Ngf3
{[%clk 1:32:15]} cxd4 {[%clk 1:32:28]} 8. cxd4 {[%clk 1:32:32]} f6
{[%clk 1:32:49]} 9. exf6 {[%clk 1:32:07]} Nxf6 {[%clk 1:32:59]} 10. O-O
{[%clk 1:30:14]} Bd6 {[%clk 1:33:09]} 11. Re1 {[%clk 1:29:26]} O-O
{[%clk 1:32:28]} 12. a3 {[%clk 1:28:19]} Nh5 {[%clk 1:15:13]} 13. Nf1
{[%clk 1:10:37]} Nf4 {[%clk 1:13:18]} 14. Bc2 {[%clk 1:10:04]} Qf6
{[%clk 1:12:05]} 15. Bxf4 {[%clk 1:06:45]} Bxf4 {[%clk 1:11:34]} 16. Qd3
{[%clk 1:06:21]} g6 {[%clk 1:08:54]} 17. Ne3 {[%clk 1:06:06]} a6 {[%clk 0:45:27]}
18. Ng4 {[%clk 0:57:53]} Qg7 {[%clk 0:44:59]} 19. g3 {[%clk 0:47:08]} Bd6
{[%clk 0:39:50]} 20. Re3 {[%clk 0:46:23]} Bd7 {[%clk 0:13:30]} 21. Rae1
{[%clk 0:38:57]} Rac8 {[%clk 0:08:31]} 22. Nge5 {[%clk 0:31:11]} Bxe5
{[%clk 0:05:13]} 23. Nxe5 {[%clk 0:20:02]} Nxd4 {[%clk 0:04:43]} 24. Bb1
{[%clk 0:19:41]} Nc6 {[%clk 0:01:07]} 25. Nxd7 {[%clk 0:19:15]} Qxd7
{[%clk 0:01:36]} 26. Rxe6 {[%clk 0:19:30]} Qf7 {[%clk 0:01:16]} 27. f4
{[%clk 0:17:51]} Rcd8 {[%clk 0:01:01]} 28. Ba2 {[%clk 0:10:58]} Qf5
{[%clk 0:00:59]} 29. Qxf5 {[%clk 0:10:50]} Rxf5 {[%clk 0:01:18]} 30. Re8+
{[%clk 0:10:43]} Rf8 {[%clk 0:01:26]} 31. Rxd8 {[%clk 0:09:11]} Rxd8
{[%clk 0:01:51]} 32. Rd1 {[%clk 0:09:18]} Ne7 {[%clk 0:02:10]} 33. Kf2
{[%clk 0:08:49]} Kf7 {[%clk 0:02:23]} 34. g4 {[%clk 0:08:15]} Rd7
{[%clk 0:01:17]} 35. Ke3 {[%clk 0:07:18]} Ke6 {[%clk 0:01:20]} 36. h4
{[%clk 0:07:11]} Kd6 {[%clk 0:00:52]} 37. Rh1 {[%clk 0:06:56]} Ng8
{[%clk 0:00:37]} 38. h5 {[%clk 0:06:14]} Nf6 {[%clk 0:00:43]} 39. Kf3
{[%clk 0:06:24]} gxh5 {[%clk 0:00:33]} 40. g5 {[%clk 0:06:03]} Ne8
{[%clk 0:00:33]} 41. Rxh5 {[%clk 0:06:03]} Ke6 {[%clk 0:00:33]} 42. Bb1
{[%clk 0:06:03]} d4 {[%clk 0:00:33]} 43. Rxh7 {[%clk 0:06:03]} Ng7
{[%clk 0:00:33]} 44. Bd3 {[%clk 0:06:03]} Re7 {[%clk 0:00:33]} 45. Kg4
{[%clk 0:06:03]} 1-0

[Event "ELD_A_15/16"]
[Site "?"]
[Date "2016.04.24"]
[Round "4.8"]
[White "Grundman, Vaclav"]
[Black "Janska, Jitka"]
[Result "1-0"]
[BlackElo "2142"]
[WhiteElo "2087"]
[LiveChessVersion "1.4.8"]

1. e4 {[%clk 1:30:58]} e5 {[%clk 1:30:49]} 2. Nf3 {[%clk 1:31:24]} Nc6
{[%clk 1:31:16]} 3. Bb5 {[%clk 1:31:45]} a6 {[%clk 1:31:40]} 4. Ba4
{[%clk 1:32:12]} d6 {[%clk 1:31:51]} 5. c3 {[%clk 1:28:58]} Bd7 {[%clk 1:29:57]}
6. O-O {[%clk 1:29:05]} g6 {[%clk 1:28:46]} 7. d4 {[%clk 1:28:32]} f6
{[%clk 1:27:55]} 8. d5 {[%clk 1:27:06]} Nb8 {[%clk 1:27:26]} 9. Bxd7+
{[%clk 1:27:27]} Nxd7 {[%clk 1:27:10]} 10. Be3 {[%clk 1:27:48]} Nh6
{[%clk 1:19:20]} 11. c4 {[%clk 1:26:03]} Bg7 {[%clk 1:15:46]} 12. Nfd2
{[%clk 1:25:13]} O-O {[%clk 1:15:04]} 13. Nc3 {[%clk 1:25:35]} f5
{[%clk 1:11:28]} 14. f3 {[%clk 1:25:59]} Kh8 {[%clk 1:05:34]} 15. b4
{[%clk 1:21:27]} Qe7 {[%clk 0:56:37]} 16. Na4 {[%clk 1:19:36]} Nf6
{[%clk 0:52:37]} 17. c5 {[%clk 1:15:13]} fxe4 {[%clk 0:50:19]} 18. Nxe4
{[%clk 1:15:14]} Nxe4 {[%clk 0:49:30]} 19. fxe4 {[%clk 1:15:28]} Rxf1+
{[%clk 0:43:23]} 20. Qxf1 {[%clk 1:12:43]} Ng4 {[%clk 0:43:41]} 21. Qe2
{[%clk 0:54:25]} Qh4 {[%clk 0:28:46]} 22. g3 {[%clk 0:54:48]} Qh3
{[%clk 0:22:32]} 23. Rf1 {[%clk 0:53:29]} Rf8 {[%clk 0:15:26]} 24. Rxf8+
{[%clk 0:53:23]} Bxf8 {[%clk 0:15:52]} 25. cxd6 {[%clk 0:52:28]} cxd6
{[%clk 0:08:09]} 26. Nb6 {[%clk 0:51:34]} Qh5 {[%clk 0:05:51]} 27. Nc4
{[%clk 0:44:22]} b5 {[%clk 0:04:58]} 28. Na5 {[%clk 0:44:40]} Nxe3
{[%clk 0:03:05]} 29. Qxe3 {[%clk 0:44:11]} Bh6 {[%clk 0:02:30]} 30. Qf2
{[%clk 0:42:50]} Kg8 {[%clk 0:02:18]} 31. Nc6 {[%clk 0:41:42]} Qd1+
{[%clk 0:01:58]} 32. Kg2 {[%clk 0:42:05]} Qd3 {[%clk 0:01:39]} 33. Qf3
{[%clk 0:41:50]} Qd2+ {[%clk 0:01:50]} 34. Kh3 {[%clk 0:41:37]} Qg5
{[%clk 0:01:39]} 35. Qg4 {[%clk 0:39:33]} Qf6 {[%clk 0:01:18]} 36. Qc8+
{[%clk 0:37:57]} Kg7 {[%clk 0:01:12]} 37. Qd7+ {[%clk 0:36:33]} Kf8
{[%clk 0:01:09]} 38. Qd8+ {[%clk 0:32:33]} Qxd8 {[%clk 0:01:28]} 39. Nxd8
{[%clk 0:32:53]} Bd2 {[%clk 0:01:52]} 40. Nc6 {[%clk 0:33:18]} Ke8
{[%clk 0:01:43]} 41. Kg4 {[%clk 0:28:53]} h5+ {[%clk 0:00:56]} 42. Kh4
{[%clk 0:27:33]} Kd7 {[%clk 0:00:00]} 1-0

[Event "ELD_A_15/16"]
[Site "?"]
[Date "2016.04.24"]
[Round "4.9"]
[White "Eret, Jonas"]
[Black "Nova, Michaela"]
[Result "1-0"]
[BlackElo "1901"]
[WhiteElo "2245"]
[LiveChessVersion "1.4.8"]

1. d4 {[%clk 1:30:58]} Nf6 {[%clk 1:24:25]} 2. Nf3 {[%clk 1:31:23]} g6
{[%clk 1:24:42]} 3. Bf4 {[%clk 1:31:49]} Bg7 {[%clk 1:25:00]} 4. e3
{[%clk 1:31:46]} d6 {[%clk 1:25:13]} 5. h3 {[%clk 1:32:11]} Nbd7 {[%clk 1:25:05]}
6. Be2 {[%clk 1:32:34]} O-O {[%clk 1:24:56]} 7. O-O {[%clk 1:32:59]} Qe8
{[%clk 1:23:53]} 8. c3 {[%clk 1:32:00]} e5 {[%clk 1:21:29]} 9. Bh2
{[%clk 1:30:58]} Ne4 {[%clk 1:18:07]} 10. Nbd2 {[%clk 1:25:19]} Nxd2
{[%clk 1:16:40]} 11. Qxd2 {[%clk 1:25:21]} e4 {[%clk 1:14:01]} 12. Ne1
{[%clk 1:25:36]} Qe7 {[%clk 1:12:10]} 13. Nc2 {[%clk 1:20:34]} f5
{[%clk 1:09:49]} 14. b4 {[%clk 1:19:35]} Qf6 {[%clk 1:01:07]} 15. b5
{[%clk 1:16:33]} g5 {[%clk 0:57:13]} 16. Nb4 {[%clk 1:14:07]} Nb6
{[%clk 0:54:30]} 17. f3 {[%clk 1:04:08]} Qg6 {[%clk 0:49:44]} 18. fxe4
{[%clk 0:41:30]} fxe4 {[%clk 0:49:48]} 19. Rxf8+ {[%clk 0:41:52]} Bxf8
{[%clk 0:50:09]} 20. c4 {[%clk 0:39:10]} Be6 {[%clk 0:43:58]} 21. Rc1
{[%clk 0:37:39]} Rd8 {[%clk 0:41:33]} 22. Nd5 {[%clk 0:31:19]} Qg7
{[%clk 0:33:16]} 23. Qa5 {[%clk 0:26:42]} Nxd5 {[%clk 0:32:48]} 24. cxd5
{[%clk 0:26:59]} Bxd5 {[%clk 0:32:22]} 25. Rxc7 1-0

[Event "ELD_A_15/16"]
[Site "?"]
[Date "2016.04.24"]
[Round "4.10"]
[White "Cach, Jakub"]
[Black "Hurdzan, Tomas"]
[Result "0-1"]
[BlackElo "2110"]
[WhiteElo "1974"]
[LiveChessVersion "1.4.8"]

1. d4 {[%clk 1:30:55]} Nf6 {[%clk 1:30:20]} 2. Nf3 {[%clk 1:31:16]} g6
{[%clk 1:30:38]} 3. Bf4 {[%clk 1:31:31]} Bg7 {[%clk 1:30:52]} 4. e3
{[%clk 1:30:38]} d6 {[%clk 1:31:12]} 5. h3 {[%clk 1:30:40]} O-O {[%clk 1:31:34]}
6. Be2 {[%clk 1:26:48]} b6 {[%clk 1:30:21]} 7. O-O {[%clk 1:26:03]} Bb7
{[%clk 1:30:43]} 8. Nbd2 {[%clk 1:25:39]} Nbd7 {[%clk 1:30:32]} 9. c3
{[%clk 1:25:28]} c5 {[%clk 1:29:47]} 10. Bg3 {[%clk 1:24:04]} Rc8
{[%clk 1:27:15]} 11. Rc1 {[%clk 1:22:54]} Rc7 {[%clk 1:24:54]} 12. Bh2
{[%clk 1:05:23]} Qa8 {[%clk 1:24:09]} 13. Re1 {[%clk 1:03:33]} Ne4
{[%clk 1:22:23]} 14. Nxe4 {[%clk 0:58:47]} Bxe4 {[%clk 1:22:46]} 15. Qd2
{[%clk 0:47:00]} Nf6 {[%clk 1:20:25]} 16. Red1 {[%clk 0:45:59]} Bf5
{[%clk 1:09:17]} 17. Qe1 {[%clk 0:40:37]} Be4 {[%clk 1:06:40]} 18. Qf1
{[%clk 0:39:33]} Bb7 {[%clk 1:01:49]} 19. Nd2 {[%clk 0:30:38]} Rfc8
{[%clk 0:54:38]} 20. Bf3 {[%clk 0:28:01]} Bxf3 {[%clk 0:52:55]} 21. Nxf3
{[%clk 0:28:18]} Qd5 {[%clk 0:45:49]} 22. a3 {[%clk 0:20:26]} Qb3
{[%clk 0:44:14]} 23. Qe2 {[%clk 0:19:37]} Qe6 {[%clk 0:29:00]} 24. Qd3
{[%clk 0:16:34]} Qe4 {[%clk 0:25:40]} 25. Qxe4 {[%clk 0:12:56]} Nxe4
{[%clk 0:26:04]} 26. Nd2 {[%clk 0:12:02]} Nxd2 {[%clk 0:25:42]} 27. Rxd2
{[%clk 0:12:27]} cxd4 {[%clk 0:25:45]} 28. exd4 {[%clk 0:12:33]} Bh6
{[%clk 0:25:11]} 29. f4 {[%clk 0:12:56]} b5 {[%clk 0:22:38]} 30. Re1
{[%clk 0:12:35]} Bg7 {[%clk 0:18:28]} 31. g4 {[%clk 0:03:38]} a5 {[%clk 0:17:56]}
32. Rde2 {[%clk 0:03:05]} Kf8 {[%clk 0:17:27]} 33. Bg3 {[%clk 0:02:28]} b4
{[%clk 0:14:38]} 34. axb4 {[%clk 0:02:06]} axb4 {[%clk 0:15:04]} 35. Bf2
{[%clk 0:01:59]} bxc3 {[%clk 0:15:07]} 36. bxc3 {[%clk 0:02:23]} e6
{[%clk 0:15:06]} 37. f5 {[%clk 0:00:54]} gxf5 {[%clk 0:08:27]} 38. Bg3
{[%clk 0:00:38]} Rxc3 {[%clk 0:08:31]} 39. Bxd6+ {[%clk 0:01:02]} Kg8
{[%clk 0:08:51]} 40. gxf5 {[%clk 0:00:59]} Bxd4+ {[%clk 0:06:16]} 41. Kh2
{[%clk 0:00:59]} exf5 {[%clk 0:06:16]} 42. Rg2+ {[%clk 0:00:59]} Kh8
{[%clk 0:06:16]} 43. Re7 {[%clk 0:00:59]} R3c6 {[%clk 0:06:16]} 44. Bg3
{[%clk 0:00:59]} Rf8 {[%clk 0:06:16]} 45. Rd7 {[%clk 0:00:59]} Bg7
{[%clk 0:06:16]} 46. Rf2 {[%clk 0:00:59]} Rc5 {[%clk 0:06:16]} 47. Re2
{[%clk 0:00:59]} Rfc8 {[%clk 0:06:16]} 48. Rxf7 {[%clk 0:00:59]} Rc2
{[%clk 0:06:16]} 49. Rg2 {[%clk 0:00:59]} Be5 {[%clk 0:06:16]} 50. Kh1
{[%clk 0:00:59]} Rxg2 {[%clk 0:06:16]} 51. Kxg2 {[%clk 0:00:59]} Bg7
{[%clk 0:06:16]} 0-1

[Event "ELD_A_15/16"]
[Site "?"]
[Date "2016.04.24"]
[Round "4.11"]
[White "Truksa, Vaclav"]
[Black "Ludvik, Tomas"]
[Result "0-1"]
[BlackElo "1780"]
[WhiteElo "1698"]
[LiveChessVersion "1.4.8"]

1. e4 {[%clk 1:30:48]} e6 {[%clk 1:30:56]} 2. d4 {[%clk 1:31:12]} d5
{[%clk 1:31:19]} 3. exd5 {[%clk 1:31:34]} exd5 {[%clk 1:31:44]} 4. Bd3
{[%clk 1:31:35]} Nc6 {[%clk 1:31:55]} 5. c3 {[%clk 1:31:50]} Bd6 {[%clk 1:32:04]}
6. Nf3 {[%clk 1:30:08]} Nge7 {[%clk 1:32:10]} 7. O-O {[%clk 1:29:54]} Bg4
{[%clk 1:31:24]} 8. Re1 {[%clk 1:29:43]} Qd7 {[%clk 1:30:41]} 9. Nbd2
{[%clk 1:24:52]} f6 {[%clk 1:28:47]} 10. b4 {[%clk 1:25:13]} O-O {[%clk 1:12:00]}
11. Qc2 {[%clk 1:19:38]} Bf5 {[%clk 1:09:01]} 12. Nf1 {[%clk 1:13:06]} Bxd3
{[%clk 1:07:55]} 13. Qxd3 {[%clk 1:13:00]} Ng6 {[%clk 1:07:17]} 14. Qb5
{[%clk 1:06:45]} Kh8 {[%clk 0:59:33]} 15. Qxb7 {[%clk 1:00:40]} a6
{[%clk 0:57:24]} 16. Ne5 {[%clk 0:49:11]} Ngxe5 {[%clk 0:52:18]} 17. dxe5
{[%clk 0:40:54]} Bxe5 {[%clk 0:52:29]} 18. f4 {[%clk 0:26:51]} Bxc3
{[%clk 0:50:51]} 19. Bd2 {[%clk 0:23:10]} Bxa1 {[%clk 0:49:47]} 20. Rc1
{[%clk 0:22:56]} Bd4+ {[%clk 0:48:00]} 21. Be3 {[%clk 0:21:52]} Bxe3+
{[%clk 0:45:53]} 22. Nxe3 {[%clk 0:22:14]} Qe6 {[%clk 0:44:49]} 23. Nf1
{[%clk 0:20:59]} Nd4 {[%clk 0:43:43]} 24. Rd1 {[%clk 0:16:09]} Ne2+
{[%clk 0:42:44]} 25. Kf2 {[%clk 0:15:21]} Nc3 {[%clk 0:42:59]} 26. Rc1
{[%clk 0:14:02]} Rfb8 {[%clk 0:41:04]} 27. Qxc7 {[%clk 0:13:49]} Ne4+
{[%clk 0:41:28]} 28. Kf3 {[%clk 0:13:41]} h5 {[%clk 0:40:29]} 29. h3
{[%clk 0:13:29]} Rxb4 {[%clk 0:40:15]} 30. g4 {[%clk 0:12:28]} Rb2
{[%clk 0:39:29]} 31. Rc6 {[%clk 0:10:41]} hxg4+ {[%clk 0:39:31]} 32. hxg4
{[%clk 0:10:40]} Rf2+ {[%clk 0:39:50]} 33. Ke3 {[%clk 0:09:55]} Qxg4
{[%clk 0:40:05]} 34. Qf7 {[%clk 0:07:36]} Qe2+ {[%clk 0:38:34]} 35. Kd4
{[%clk 0:07:41]} Qd1+ {[%clk 0:38:43]} 36. Ke3 {[%clk 0:05:44]} Rf3#
{[%clk 0:39:06]} 0-1